| 000 | 00768cam a2200229 a 4500 | ||
|---|---|---|---|
| 001 | 000010094 | ||
| 005 | 20200929161835.0 | ||
| 008 | 820622s1981 ve 000 d spa | ||
| 040 |
_aDO-SdBNP _bspa _cDLC _dBNPHU |
||
| 082 |
_aVe862.44 _bCH436v |
||
| 100 | 1 |
_aChalbaud, Román, _d1931- _925080 |
|
| 245 | 1 | 3 |
_aEl viejo grupo : _bpieza en dos actos / _cRomán Chalbaud. |
| 260 |
_aCaracas, Venezuela : _bFundarte, _c1981. |
||
| 300 |
_a86 p. ; _c22 cm. |
||
| 490 | 1 |
_aCuadernos de difusión _v66 |
|
| 650 | 4 |
_aTeatro venezolano _923074 |
|
| 650 | 4 |
_aLiteratura venezolana _93816 |
|
| 710 | 2 |
_aFundación para la cultura y las artes del Distrito Federal _925081 |
|
| 830 | 0 |
_aCuadernos de difusión ; _v66 _96694 |
|
| 910 | _aCatalogación por copia / LC | ||
| 049 | _aBNGR | ||
| 999 |
_c9853 _d9853 |
||